Ocular hazards in flight and remedial measures : Les risques oculaires en vol et les moyens dý remédier, papers presented at the Aerospace Medical Panel Symposium held in London, United Kingdom, 22nd-26th October 1990.

Bibliographic Details
Corporate Author: North Atlantic Treaty Organization. Advisory Group for Aerospace Research and Development. Aerospace Medical Panel. Symposium
Format: Microform Book
Language:English
French
Published: Neuilly-sur-Seine, France : North Atlantic Treaty Organization, Advisory Group for Aerospace Research & Development, [1991]
Series:AGARD conference proceedings ; no. 492.
Subjects:

MARC

Tag First Indicator Second Indicator Subfields
LEADER 00000cam a2200000 a 4500
001 in00001232921
005 20151003071302.0
007 he bm||||b|c|
008 910801s1991 fr a bb 100 0 eng d
020 |a 9283506162 
035 |a (OCoLC)24164352 
035 |9 AGT4036AM 
040 |a VPI  |c VPI  |d TXA  |d UtOrBLW 
041 0 |a eng  |a fre 
049 |a TXAI 
090 |a TL500.N63  |b A24 no.492 
099 |a fiche  |a S  |a 145  |a no.492 
110 2 |a North Atlantic Treaty Organization.  |b Advisory Group for Aerospace Research and Development.  |b Aerospace Medical Panel.  |b Symposium  |d (1990 :  |c London) 
245 1 0 |a Ocular hazards in flight and remedial measures :  |b Les risques oculaires en vol et les moyens dý remédier, papers presented at the Aerospace Medical Panel Symposium held in London, United Kingdom, 22nd-26th October 1990. 
264 1 |a Neuilly-sur-Seine, France :  |b North Atlantic Treaty Organization, Advisory Group for Aerospace Research & Development,  |c [1991] 
264 4 |c ©1991 
300 |a 1 volume (various pagings) :  |b illustrations ;  |c 30 cm. 
336 |a text  |b txt  |2 rdacontent 
337 |a microform  |b h  |2 rdamedia 
338 |a microfiche  |b he  |2 rdacarrier 
490 1 |a AGARD conference proceedings ;  |v 492 
500 |a "Published May 1991."--Title page verso. 
504 |a Includes bibliographical references. 
533 |a Microfiche.  |b Neuilly sur Seine, France :  |c AGARD,  |d 1991.  |e 2 microfiches ; 11 x 15 cm. 
500 |a Mciroform. 
650 0 |a Eye  |x Diseases  |x Congresses. 
650 0 |a Eye  |x Protection  |x Congresses. 
650 0 |a Contact lenses  |x Congresses. 
650 0 |a Air pilots, Military  |x Diseases  |x Congresses. 
650 0 |a Air pilots, Military  |x Health and hygiene  |x Congresses. 
830 0 |a AGARD conference proceedings ;  |v no. 492. 
999 |a MARS 
999 f f |s 6cf76663-eb4c-3a5d-a82e-cb67d2570f84  |i 182bd0b9-bebe-364a-be98-d0bda79c8a26  |t 0 
952 f f |p normal  |a Texas A&M University  |b College Station  |c Sterling C. Evans Library  |d Evans: Microforms (3rd floor)  |t 0  |e fiche S 145 no.492  |h Other scheme  |i microform -- microfiche  |m A14832387566 
998 f f |a fiche S 145 no.492  |t 0  |l Evans: Microforms (3rd floor)